<?xml version="1.0" encoding="UTF-8"?>
<record
    xmlns:xsi="http://www.w3.org/2001/XMLSchema-instance"
    xsi:schemaLocation="http://www.loc.gov/MARC21/slim http://www.loc.gov/standards/marcxml/schema/MARC21slim.xsd"
    xmlns="http://www.loc.gov/MARC21/slim">

  <leader>00607nam a2200205Ia 4500</leader>
  <datafield tag="999" ind1=" " ind2=" ">
    <subfield code="c">1510</subfield>
    <subfield code="d">1510</subfield>
  </datafield>
  <controlfield tag="007">ta</controlfield>
  <controlfield tag="008">190719t1974    xxk||||g||||||||| ||und||</controlfield>
  <datafield tag="040" ind1=" " ind2=" ">
    <subfield code="a">KO</subfield>
    <subfield code="b">eng</subfield>
  </datafield>
  <datafield tag="041" ind1="0" ind2=" ">
    <subfield code="a">eng</subfield>
  </datafield>
  <datafield tag="044" ind1=" " ind2=" ">
    <subfield code="a">xxk</subfield>
  </datafield>
  <datafield tag="082" ind1="0" ind2="4">
    <subfield code="a">623.89</subfield>
    <subfield code="b">Un314</subfield>
    <subfield code="2">23</subfield>
  </datafield>
  <datafield tag="110" ind1=" " ind2=" ">
    <subfield code="a">Great Britain. </subfield>
    <subfield code="b">Hydrographic Office</subfield>
  </datafield>
  <datafield tag="245" ind1=" " ind2="0">
    <subfield code="a">Annual Summary of Admiralty Notices to Mariners : </subfield>
    <subfield code="b">in force on 1st January 1974 /</subfield>
  </datafield>
  <datafield tag="260" ind1=" " ind2=" ">
    <subfield code="a">Taunton : </subfield>
    <subfield code="b">United Kingdom Hydrographic Office , </subfield>
    <subfield code="c">1974.</subfield>
  </datafield>
  <datafield tag="300" ind1=" " ind2=" ">
    <subfield code="a">172 p.;</subfield>
    <subfield code="c">25 cm.</subfield>
  </datafield>
  <datafield tag="650" ind1=" " ind2=" ">
    <subfield code="a">Pilot guides</subfield>
  </datafield>
  <datafield tag="852" ind1=" " ind2=" ">
    <subfield code="a">KO</subfield>
  </datafield>
  <datafield tag="904" ind1=" " ind2=" ">
    <subfield code="a">A_BOSE</subfield>
  </datafield>
  <datafield tag="942" ind1=" " ind2=" ">
    <subfield code="c">BK</subfield>
  </datafield>
  <datafield tag="952" ind1=" " ind2=" ">
    <subfield code="0">0</subfield>
    <subfield code="1">0</subfield>
    <subfield code="2">ddc</subfield>
    <subfield code="4">0</subfield>
    <subfield code="6">623_890000000000000_UN314</subfield>
    <subfield code="7">0</subfield>
    <subfield code="8">ADMRLT</subfield>
    <subfield code="9">5496</subfield>
    <subfield code="a">KO</subfield>
    <subfield code="b">KO</subfield>
    <subfield code="c">REF</subfield>
    <subfield code="d">2012-03-22</subfield>
    <subfield code="l">3</subfield>
    <subfield code="o">623.89 Un314</subfield>
    <subfield code="p">BK000278</subfield>
    <subfield code="r">2023-05-03</subfield>
    <subfield code="s">2023-05-03</subfield>
    <subfield code="y">BK</subfield>
    <subfield code="z">Shelf-4, Row-1</subfield>
  </datafield>
  <datafield tag="952" ind1=" " ind2=" ">
    <subfield code="0">0</subfield>
    <subfield code="1">0</subfield>
    <subfield code="2">ddc</subfield>
    <subfield code="4">0</subfield>
    <subfield code="6">623_890000000000000_UN314</subfield>
    <subfield code="7">0</subfield>
    <subfield code="8">ADMRLT</subfield>
    <subfield code="9">5497</subfield>
    <subfield code="a">KO</subfield>
    <subfield code="b">KO</subfield>
    <subfield code="c">REF</subfield>
    <subfield code="d">2012-03-22</subfield>
    <subfield code="l">2</subfield>
    <subfield code="o">623.89 Un314</subfield>
    <subfield code="p">BK000279</subfield>
    <subfield code="r">2023-01-31</subfield>
    <subfield code="s">2022-10-28</subfield>
    <subfield code="y">BK</subfield>
    <subfield code="z">Shelf-4, Row-1</subfield>
  </datafield>
</record>
